National Assembly Library of Thailand

ผู้นำท้องถิ่น (ระเบียนเลขที่ 91936)

รายละเอียดในรูปแบบ MARC
000 -LEADER
fixed length control field 01365nas a22001817a 4500
008 - FIXED-LENGTH DATA ELEMENTS--GENERAL INFORMATION
fixed length control field 210325b th ||||| |||| 00| 0 tha d
022 ## - INTERNATIONAL STANDARD SERIAL NUMBER
International Standard Serial Number 15134741
037 ## - SOURCE OF ACQUISITION
Note จัดซื้อวารสาร
041 0# - LANGUAGE CODE
Language code of text/sound track or separate title tha
245 10 - TITLE STATEMENT
Title ผู้นำท้องถิ่น
260 3# - PUBLICATION, DISTRIBUTION, ETC.
Place of publication, distribution, etc. กรุงเทพฯ :
Name of publisher, distributor, etc. บริษัท บ้านผู้นำ จำกัด (มหาชน)
310 ## - CURRENT PUBLICATION FREQUENCY
Current publication frequency รายเดือน
850 ## - HOLDING INSTITUTION
Holding institution NALT
942 ## - ADDED ENTRY ELEMENTS (KOHA)
Koha item type Journal/Magazine
997 ## -
-- 51936

ไม่มีตัวเล่มให้บริการ

หอสมุดรัฐสภา
สำนักงานเลขาธิการสภาผู้แทนราษฎร เลขที่ 1111 ถนนสามเสน แขวงถนนนครไชยศรี เขตดุสิต กรุงเทพฯ 10300
The Secretariat of the House of Representatives 1111 Samsen Road, Thanon Nakhon Chai Si, Dusit, Bangkok 10300, THAILAND
โทรศัพท์: +66(0) 2242 5900 ต่อ 5714-5 โทรสาร: +66(0) 2242 5990 อีเมล: [email protected]